<?xml version="1.0" encoding="UTF-8"?><?xml-stylesheet type="text/xsl" href="static/style.xsl"?><OAI-PMH xmlns="http://www.openarchives.org/OAI/2.0/" xmlns:xsi="http://www.w3.org/2001/XMLSchema-instance" xsi:schemaLocation="http://www.openarchives.org/OAI/2.0/ http://www.openarchives.org/OAI/2.0/OAI-PMH.xsd"><responseDate>2026-04-17T06:19:09Z</responseDate><request verb="GetRecord" identifier="oai:www.recercat.cat:2072/460785" metadataPrefix="marc">https://recercat.cat/oai/request</request><GetRecord><record><header><identifier>oai:recercat.cat:2072/460785</identifier><datestamp>2024-11-04T03:32:55Z</datestamp><setSpec>com_2072_98</setSpec><setSpec>col_2072_378192</setSpec></header><metadata><record xmlns="http://www.loc.gov/MARC21/slim" xmlns:dcterms="http://purl.org/dc/terms/" xmlns:xsi="http://www.w3.org/2001/XMLSchema-instance" xmlns:doc="http://www.lyncode.com/xoai" xsi:schemaLocation="http://www.loc.gov/MARC21/slim http://www.loc.gov/standards/marcxml/schema/MARC21slim.xsd">
   <leader>00925njm 22002777a 4500</leader>
   <datafield ind2=" " ind1=" " tag="042">
      <subfield code="a">dc</subfield>
   </datafield>
   <datafield ind2=" " ind1=" " tag="720">
      <subfield code="a">Valbuena, Diego</subfield>
      <subfield code="e">author</subfield>
   </datafield>
   <datafield ind2=" " ind1=" " tag="720">
      <subfield code="a">Chenet, Julien G.</subfield>
      <subfield code="e">author</subfield>
   </datafield>
   <datafield ind2=" " ind1=" " tag="720">
      <subfield code="a">Gaitán-Cremaschi, Daniel</subfield>
      <subfield code="e">author</subfield>
   </datafield>
   <datafield ind2=" " ind1=" " tag="260">
      <subfield code="c">2021</subfield>
   </datafield>
   <datafield ind2=" " ind1=" " tag="520">
      <subfield code="a">Altres ajuts: Ean Univesity</subfield>
   </datafield>
   <datafield ind2=" " ind1=" " tag="520">
      <subfield code="a">Unidad de excelencia María de Maeztu CEX2019-000940-M</subfield>
   </datafield>
   <datafield ind2=" " ind1=" " tag="520">
      <subfield code="a">Trajectories of many rural landscapes in Latin America remain unsustainable. Options to support sustainable rural trajectories should be comprehensive and rooted in the interests of rural actors. We selected a municipality in a coffee-growing region in Colombia with an increasing urban- rural nexus to describe interactions between rural processes and their drivers while identifying and contextualising the perceptions of local actors on major constraints and opportunities for more inclusive and sustainable rural trajectories. We described these interactions by combining secondary data on main drivers, agricultural census data, and interviews with different local actors. Changes in population structure, volatility in coffee prices, in-/out-migration, deagrarianisation, and rurbanisation, among others, are reconfiguring the rural trajectories of the study area. Despite not being a major coffee region, farmers in the study area have developed different strategies, including intensification, diversification, replacement or abandonment of coffee production, and commercialisation. The perceptions of local actors and the multiplicity of agricultural households, food/land use systems, rural processes, and drivers described in this study suggest that more sustainable rural transitions need to be supported by inclusive, integrated, and transformative landscape planning approaches that align with local priorities. However, this transformation needs to be accompanied by changes at a systemic level that address the fundamental bottlenecks to real sustainability.</subfield>
   </datafield>
   <datafield ind1="8" ind2=" " tag="024">
      <subfield code="a">http://hdl.handle.net/2072/460785</subfield>
   </datafield>
   <datafield tag="653" ind2=" " ind1=" ">
      <subfield code="a">Family farming</subfield>
   </datafield>
   <datafield tag="653" ind2=" " ind1=" ">
      <subfield code="a">Urban-rural nexus</subfield>
   </datafield>
   <datafield tag="653" ind2=" " ind1=" ">
      <subfield code="a">Integrated landscape management</subfield>
   </datafield>
   <datafield tag="653" ind2=" " ind1=" ">
      <subfield code="a">Land use planning</subfield>
   </datafield>
   <datafield tag="653" ind2=" " ind1=" ">
      <subfield code="a">Latin America</subfield>
   </datafield>
   <datafield ind2="0" ind1="0" tag="245">
      <subfield code="a">Options to support sustainable trajectories in a rural landscape : drivers, rural processes, and local perceptions in a colombian coffee-growing region</subfield>
   </datafield>
</record></metadata></record></GetRecord></OAI-PMH>